000 00630nas a2200229 4500
001 BR9208834
003 BR-BrBNA
005 20231205093154.0
007 ta
008 230509b bl.|||p| |||| 00| 00por d
040 _aBR-BrBNA
_bpor
_cBiblioteca Nacional de Agricultura
041 _a(Pt)
072 _aQ02
100 1 _aEnoshita, L.
245 1 _aCorante de urucum
650 _aURUCUM
650 _aPLANTA CORANTE
650 _aINDUSTRIA ALIMENTICIA
773 0 _tAlimentos e Tecnologia (Brazil)
_xISSN 0102-6682
_g(1985), v. 1(6) p. 26
_wBR9208834
909 _a202311
_bLúcia
_c55
_dLúcia Elande
942 _2AGRIS
_n0
_cANA
999 _c136628
_d136628